| 000 | 00395nam a2200157Ia 4500 | ||
|---|---|---|---|
| 008 | 220803s9999 xx 000 0 und d | ||
| 020 | _a9788184956009 | ||
| 041 | _aeng | ||
| 082 | _a720.91 MIC | ||
| 100 |
_aMichel G _925105 |
||
| 245 | _aBadami Aihole Pattadkal | ||
| 260 |
_aMumbai _bJaico Publishing House _c2014 |
||
| 300 | _a144p | ||
| 500 | _aARCHI | ||
| 650 |
_aHindu Architecture _925106 |
||
| 999 |
_c15958 _d15958 |
||